Auditoria (Registro nro. 1798)
[ vista simple ]
| 000 -LEADER | |
|---|---|
| fixed length control field | 01741 a2200253 4500 |
| 001 - CONTROL NUMBER | |
| control field | 29087 |
| 005 - DATE AND TIME OF LATEST TRANSACTION | |
| control field | 20260407155600.0 |
| 008 - FIXED-LENGTH DATA ELEMENTS--GENERAL INFORMATION | |
| fixed length control field | 260407a1965 arg spa d |
| 003 - CONTROL NUMBER IDENTIFIER | |
| control field | AR-UNSa-BCEJYS |
| 040 ## - CATALOGING SOURCE | |
| Original cataloging agency | AR-UNSa-BCEJYS |
| Language of cataloging | spa |
| Transcribing agency | AR-UNSa-BCEJYS |
| 080 ## - UNIVERSAL DECIMAL CLASSIFICATION NUMBER | |
| Universal Decimal Classification number | 657 |
| Common auxiliary subdivision | Contabilidad |
| 041 ## - LANGUAGE CODE | |
| Language code of text/sound track or separate title | spa |
| 100 1# - MAIN ENTRY--PERSONAL NAME | |
| Personal name | Holmes, Arthur W. |
| 245 10 - TITLE STATEMENT | |
| Title | Auditoria |
| 264 #1 - PRODUCTION, PUBLICATION, DISTRIBUTION, MANUFACTURE, AND COPYRIGHT NOTICE | |
| Place of production, publication, distribution, manufacture | México : |
| Name of producer, publisher, distributor, manufacturer | Unión Tipográfica Editorial Hispano-Americana (UTEHA) |
| Date of production, publication, distribution, manufacture, or copyright notice | 1965 |
| 300 ## - PHYSICAL DESCRIPTION | |
| Extent | 2 v. |
| Dimensions | 23 cm. |
| 505 ## - FORMATTED CONTENTS NOTE | |
| Formatted contents note | Vol. XII: Principio y procedimiento 1. Concepto moderno de la auditoría - 2. Informes. Organización del Personal - 3. Etica profesional y responsabilidad legal - 4. Auditoria interna. Control interno. Fraude - 5. Principio de la auditoría - 6. Programas de auditoria y papeles de trabajo de auditoria - 7. Examen de documentos originales - 8. Fondos de caja chica - 9. Efectivo: en caja y Banco; ingresos y egresos - 10. Cuentas por cobrar y perdidas en los creditos - 11. Documentos y aceptaciones por cobrar e ingresos correspondientes - 12. Inventarios y costos de ventas - 13. Inversiones y sus ingresos - 14. Gastos pagados por anticipado, cargos diferidos y aplicación de gastos - 15. Activo fijo tangible y gastos relacionados - 16. Activo intangible - 17. Pasivo circulante - 18. Pasivo a largo plazo - 19. Propiedad - 20. Examen de ingresos y gastos - 21. Conclusión de la auditoria - 22. Preparación de los estados financieros - 23. Informes de auditoria - 24. Servicio consultivo en administración. -- Vol. XIII: Prácticas de auditoría |
| 590 ## - LOCAL NOTE (RLIN) | |
| Local note | niveau_biblio:m niveau_hierar:0 |
| 700 1# - ADDED ENTRY--PERSONAL NAME | |
| Personal name | Contro Malo, Francisco |
| 700 1# - ADDED ENTRY--PERSONAL NAME | |
| Personal name | Poulat, Julio R. |
| 700 1# - ADDED ENTRY--PERSONAL NAME | |
| Personal name | Del Castillo, I.G. |
| 700 1# - ADDED ENTRY--PERSONAL NAME | |
| Personal name | Civera, Marin |
| 942 ## - ADDED ENTRY ELEMENTS (KOHA) | |
| Koha item type | |
| Withdrawn status | Lost status | Damaged status | Not for loan | Home library | Current library | Shelving location | Date acquired | Total checkouts | Full call number | Barcode | Date last seen | Price effective from | Koha item type |
|---|---|---|---|---|---|---|---|---|---|---|---|---|---|
| Biblioteca Prof. Eusebio Cleto del Rey | Biblioteca Prof. Eusebio Cleto del Rey | 07/04/2026 | 657 B582 v.12 | L21168 | 07/04/2026 | 07/04/2026 | Libro | ||||||
| Biblioteca Prof. Eusebio Cleto del Rey | Biblioteca Prof. Eusebio Cleto del Rey | 07/04/2026 | 657 B582 v.13 | L20076 | 07/04/2026 | 07/04/2026 | Libro | ||||||
| Biblioteca Prof. Eusebio Cleto del Rey | Biblioteca Prof. Eusebio Cleto del Rey | 07/04/2026 | 657 B582 v.12 | L20077 | 07/04/2026 | 07/04/2026 | Libro | ||||||
| Biblioteca Prof. Eusebio Cleto del Rey | Biblioteca Prof. Eusebio Cleto del Rey | 07/04/2026 | 657 B582 v.12 | L20075 | 07/04/2026 | 07/04/2026 | Libro | ||||||
| Biblioteca Prof. Eusebio Cleto del Rey | Biblioteca Prof. Eusebio Cleto del Rey | 07/04/2026 | 657 B582 v.13 | L20078 | 07/04/2026 | 07/04/2026 | Libro |